在空白地图上画出内蒙古所有县级行政区Counties in Inner Mongolia with an empty map - Statistics

General Stats
  • This quiz has been taken 75 times
  • The average score is 64 of 103
Answers on the Map
Answers color-coded by a green-red scale on the quiz's map according to % correct below.
 
Answer Stats
地级 县级 % Correct
通辽市 科尔沁区
87%
锡林郭勒盟 二连浩特市
87%
锡林郭勒盟 锡林浩特市
84%
阿拉善盟 阿拉善左旗
84%
阿拉善盟 阿拉善右旗
84%
包头市 白云鄂博矿区
82%
呼伦贝尔市 满洲里市
82%
呼伦贝尔市 额尔古纳市
82%
阿拉善盟 额济纳旗
82%
乌海市 海南区
79%
赤峰市 红山区
79%
呼伦贝尔市 根河市
79%
兴安盟 阿尔山市
79%
呼伦贝尔市 海拉尔区
76%
呼伦贝尔市 鄂伦春自治旗
76%
呼伦贝尔市 新巴尔虎左旗
76%
呼伦贝尔市 新巴尔虎右旗
76%
乌兰察布市 四子王旗
76%
兴安盟 乌兰浩特市
76%
呼和浩特市 回民区
74%
呼和浩特市 赛罕区
74%
呼伦贝尔市 陈巴尔虎旗
74%
呼伦贝尔市 牙克石市
74%
通辽市 科尔沁左翼中旗
71%
通辽市 科尔沁左翼后旗
71%
鄂尔多斯市 东胜区
71%
呼伦贝尔市 扎兰屯市
71%
兴安盟 科尔沁右翼中旗
71%
锡林郭勒盟 正蓝旗
71%
包头市 青山区
68%
乌海市 海勃湾区
68%
鄂尔多斯市 杭锦旗
68%
巴彦淖尔市 乌拉特前旗
68%
兴安盟 科尔沁右翼前旗
68%
锡林郭勒盟 正镶白旗
68%
呼和浩特市 新城区
66%
呼和浩特市 玉泉区
66%
包头市 九原区
66%
巴彦淖尔市 乌拉特中旗
66%
巴彦淖尔市 乌拉特后旗
66%
乌兰察布市 集宁区
66%
锡林郭勒盟 苏尼特左旗
66%
呼和浩特市 土默特左旗
63%
呼和浩特市 和林格尔县
63%
呼和浩特市 清水河县
63%
乌海市 乌达区
63%
通辽市 霍林郭勒市
63%
鄂尔多斯市 伊金霍洛旗
63%
呼伦贝尔市 扎赉诺尔区
63%
巴彦淖尔市 临河区
63%
锡林郭勒盟 苏尼特右旗
63%
包头市 土默特右旗
61%
赤峰市 克什克腾旗
61%
锡林郭勒盟 东乌珠穆沁旗
61%
锡林郭勒盟 西乌珠穆沁旗
61%
锡林郭勒盟 镶黄旗
61%
呼和浩特市 托克托县
58%
呼和浩特市 武川县
58%
包头市 东河区
58%
包头市 石拐区
58%
包头市 达尔罕茂明安联合旗
58%
赤峰市 元宝山区
58%
赤峰市 巴林左旗
58%
赤峰市 巴林右旗
58%
通辽市 开鲁县
58%
通辽市 库伦旗
58%
鄂尔多斯市 准格尔旗
58%
鄂尔多斯市 鄂托克前旗
58%
鄂尔多斯市 鄂托克旗
58%
赤峰市 松山区
55%
鄂尔多斯市 康巴什区
55%
鄂尔多斯市 乌审旗
55%
巴彦淖尔市 五原县
55%
巴彦淖尔市 杭锦后旗
55%
乌兰察布市 凉城县
55%
乌兰察布市 察哈尔右翼前旗
55%
乌兰察布市 察哈尔右翼中旗
55%
乌兰察布市 察哈尔右翼后旗
55%
包头市 昆都仑区
53%
赤峰市 林西县
53%
通辽市 奈曼旗
53%
呼伦贝尔市 鄂温克族自治旗
53%
锡林郭勒盟 阿巴嘎旗
53%
赤峰市 阿鲁科尔沁旗
50%
赤峰市 喀喇沁旗
50%
赤峰市 宁城县
50%
巴彦淖尔市 磴口县
50%
乌兰察布市 卓资县
50%
乌兰察布市 丰镇市
50%
锡林郭勒盟 太仆寺旗
50%
通辽市 扎鲁特旗
47%
鄂尔多斯市 达拉特旗
47%
呼伦贝尔市 阿荣旗
47%
兴安盟 突泉县
47%
包头市 固阳县
45%
赤峰市 翁牛特旗
45%
赤峰市 敖汉旗
45%
呼伦贝尔市 莫力达瓦达斡尔族自治旗
45%
兴安盟 扎赉特旗
45%
锡林郭勒盟 多伦县
45%
乌兰察布市 化德县
42%
乌兰察布市 商都县
42%
乌兰察布市 兴和县
37%
No matching quizzes found
Score Distribution
Percent of People with Each Score
Percentile by Number Answered
Your Score History
You have not taken this quiz